000 00906nas a2200277 4500
001 BR2014006041
003 BR-BrBNA
005 20231205124540.0
007 ta
008 230509b bl.|||p| |||| 00| 00por d
040 _aBR-BrBNA
_bpor
_cBiblioteca Nacional de Agricultura
041 _a(Pt)
072 _aL73
100 1 _aViana, L.
100 1 _aGonçalves, R.C.
100 1 _aOliveira Filho, J.P.
100 1 _aPaes, A.C.
100 1 _aAmorim, R.M.
245 1 _aOcorrência de Mannheimia haemolytica e de Pasteurella multocida em ovinos sadios e com enfermidade respiratória
650 _aOVINO
650 _aDOENÇA RESPIRATÓRIA
650 _aPASTEURELLA MULTOCIDA
773 0 _tArquivo Brasileiro de Medicina Veterinária e Zootecnia (Brazil)
_xISSN 0102-0935
_g(Dec 2007), v. 59(6) p. 1579-1582
_wBR2014006041
909 _a202311
_bLúcia
_c55
_dLúcia Elande
942 _2AGRIS
_n0
_cANA
999 _c239657
_d239657